[Event "US op 124th"]
[Site "Norfolk"]
[Date "2024.07.28"]
[Round "2"]
[White "Diaz, Jose Raul"]
[Black "Glashausser, Sho"]
[Result "1/2-1/2"]
[WhiteElo "1921"]
[BlackElo "2027"]
[PlyCount "36"]
[EventDate "2024.07.27"]
[EventType "swiss"]
[EventRounds "9"]
[EventCountry "USA"]
[SourceTitle "EXT 2025"]
[Source "ChessBase"]
[SourceDate "2024.10.14"]
[SourceVersion "1"]
[SourceVersionDate "2024.10.14"]
[SourceQuality "1"]

1. e4 d5 2. exd5 Qxd5 3. Nc3 Qa5 4. Bc4 Nf6 5. d3 a6 6. Bd2 Qf5 7. a4 Be6 8. Bxe6 Qxe6+ 9. Qe2 Qxe2+ 10. Kxe2 Nc6 11. Nf3 e6 12. Ne4 Be7 13. Bc3 Nxe4 14. dxe4 f6 15. Rhd1 Rd8 16. Rxd8+ Kxd8 17. Rd1+ Kc8 18. Nd4 Nxd4+ 1/2-1/2